| 000 | 00341nam a2200145Ia 4500 | ||
|---|---|---|---|
| 100 | _aDept.of Student welfare | ||
| 650 | _aGeneral | ||
| 942 | _cBK | ||
| 654 | _aacademic information | ||
| 245 | _aAcademic Information | ||
| 260 |
_bUniversity of Mumbai _aMumbai _c2007 |
||
| 082 |
_a378.121/DEP _bDEP |
||
| 300 | _a350 | ||
| 546 | _aENGLISH | ||
| 999 |
_c31032 _d31032 |
||